Principio y norma en la elaboración jurisprudencial del derecho privado
Uloženo v:
| Hlavní autor: | |
|---|---|
| Médium: | Kniha |
| Jazyk: | španělština |
| Vydáno: |
Barcelona
Bosch
1961
|
| Témata: | |
| Tagy: |
Přidat tag
Žádné tagy, Buďte první, kdo vytvoří štítek k tomuto záznamu!
|
MARC
| LEADER | 00000nam a2200000 a 4500 | ||
|---|---|---|---|
| 001 | UCS1216 | ||
| 003 | CL-VaPUC | ||
| 008 | 970509e19610000SP |||||||||||||||||spa|d | ||
| 082 | 0 | 4 | |a 346.001 |b ESS |2 21 |
| 100 | 0 | |a Esser, Josef |e author |9 385491 | |
| 245 | 1 | 0 | |a Principio y norma en la elaboración jurisprudencial del derecho privado |
| 300 | |a 498 p | ||
| 942 | |c BK | ||
| 945 | |d 19970509 00:00:00 |a paguirre | ||
| 260 | |a Barcelona |b Bosch |c 1961 | ||
| 650 | 0 | |a Derecho civil |9 255013 | |
| 650 | 0 | |a Derecho privado |9 258243 | |
| 650 | 0 | |a Jurisprudencia civil |9 255095 | |
| 650 | 0 | |a Fuentes del derecho |9 255162 | |
| 583 | |a last modification |c 19970509 00:00:00 |k Rodrigo Vera | ||
| 999 | |c 259316 |d 259314 | ||
| 952 | |0 0 |1 0 |4 0 |6 346_001000000000000_ESS_1961 |7 0 |8 P |9 283972 |a BIBDER |b BIBDER |d 2019-11-19 |i 1841645 |l 2 |o 346.001 ESS 1961 |p 1841645 |r 2023-01-25 |s 2021-10-16 |w 2019-11-19 |y BK |k DER | ||
| 952 | |0 0 |1 0 |4 0 |6 346_001000000000000_ESS_1961 |7 0 |8 DER_TF |9 283973 |a BIBDER |b BIBDER |d 2019-11-19 |i 1884441 |o 346.001 ESS 1961 |p 1884441 |r 2023-01-25 |w 2019-11-19 |x Ubicación 4to Piso |y BK |z Estos recursos deben solicitarse con anticipación |k DER | ||